| 000 | 00736nam a2200217 4500 | ||
|---|---|---|---|
| 008 | 851206s1983 enkm j b a000 0 eng d | ||
| 020 | _a0080292763 | ||
| 020 | _a0080292771 :Php10.00 (AGST) | ||
| 090 |
_aBM695.H3 _bSch6 |
||
| 100 | 1 | _aScholefield, Lynne. | |
| 245 | 1 | 0 |
_aChanukah / _cLynne Scholefield. |
| 260 |
_aExeter : _bReligious and Moral Education Press, _c1983. |
||
| 300 |
_a32 p. : _bill. ; _c21 cm. |
||
| 490 | 1 | _aLiving festivals series. | |
| 500 | _aFor primary school students. | ||
| 504 | _aBibliography: p. 32. | ||
| 650 | 4 |
_aFasts and feasts _xJudaism _vJuvenile literature. |
|
| 650 | 4 |
_aHanukkah _vJuvenile literature. |
|
| 951 |
_p32269 _x00036862 _oBM695.H3/Sch6 _j080822162934640 _d2000-12-21 |
||
| 999 |
_c32140 _d32140 |
||